Poetics/ (Record no. 6828)
[ view plain ]
| 000 -LEADER | |
|---|---|
| fixed length control field | 00483nam a22001817a 4500 |
| 003 - CONTROL NUMBER IDENTIFIER | |
| control field | BUBTL |
| 008 - FIXED-LENGTH DATA ELEMENTS--GENERAL INFORMATION | |
| fixed length control field | 221121b ||||| |||| 00| 0 eng d |
| 082 ## - DEWEY DECIMAL CLASSIFICATION NUMBER | |
| Classification number | 808.2/ Ar46p |
| 100 ## - MAIN ENTRY--PERSONAL NAME | |
| 9 (RLIN) | 4954 |
| Personal name | Aristotle |
| 245 ## - TITLE STATEMENT | |
| Title | Poetics/ |
| Statement of responsibility, etc. | Aristotle |
| 250 ## - EDITION STATEMENT | |
| Edition statement | 1st Edn. |
| 300 ## - PHYSICAL DESCRIPTION | |
| Extent | 74 p.: |
| Dimensions | 17 cm |
| 505 ## - FORMATTED CONTENTS NOTE | |
| Formatted contents note | Poetics, Aristotle, English |
| 650 #0 - SUBJECT ADDED ENTRY--TOPICAL TERM | |
| 9 (RLIN) | 1994 |
| Topical term or geographic name as entry element | English Literature |
| 856 ## - ELECTRONIC LOCATION AND ACCESS | |
| Password | 0 |
| Logon | 0 |
| Link text | Download |
| 942 ## - ADDED ENTRY ELEMENTS (KOHA) | |
| Source of classification or shelving scheme | |
| Koha item type | Books |
| Withdrawn status | Lost status | Source of classification or shelving scheme | Damaged status | Not for loan | Collection code | Permanent location | Current location | Shelving location | Date acquired | Source of acquisition | Inventory number | Total Checkouts | Full call number | Barcode | Date last seen | Copy number | Price effective from | Koha item type |
|---|---|---|---|---|---|---|---|---|---|---|---|---|---|---|---|---|---|---|
| Fiction | Bangladesh University of Business and Technology Library | Bangladesh University of Business and Technology Library | English Literature Stacks | 11/03/2022 | Purchase | 28938 | 808.2/ Ar46p | BUBTL-200328938 | 11/21/2022 | C-1 | 11/21/2022 | Books | ||||||
| Fiction | Bangladesh University of Business and Technology Library | Bangladesh University of Business and Technology Library | English Literature Stacks | 11/03/2022 | Purchase | 28939 | 808.2/ Ar46p | BUBTL-200328939 | 11/21/2022 | C-2 | 11/21/2022 | Books | ||||||
| Fiction | Bangladesh University of Business and Technology Library | Bangladesh University of Business and Technology Library | English Literature Stacks | 11/03/2022 | Purchase | 28940 | 808.2/ Ar46p | BUBTL-200328940 | 11/21/2022 | C-3 | 11/21/2022 | Books |
